Die Klosterkirche Corvey 1,1 Geschichte und Archäologie : Beilagen / Sveva Gai; Karl Heinrich Krüger; Bernd Thier
Saved in:
| Document Type: | Book |
|---|---|
| Language: | German |
| Published: |
Darmstadt
: von Zabern
, 2012
|
| Series: | Denkmalpflege und Forschung in Westfalen
43,1,1 |
| Subjects: | |
| Related Items: | Erscheint auch als:
Die Klosterkirche Corvey ; 1: Geschichte und Archäologie Rezensiert in: [Rezension von: Antonella Sveva Gai, Karl Heinrich Krüger, Bernd Thier, Die Klosterkirche Corvey, Geschichte und Archäologie] |
| LEADER | 02352cam a2200445 cc4500 | ||
|---|---|---|---|
| 001 | 144069432X | ||
| 003 | DE-627 | ||
| 005 | 20260408095004.0 | ||
| 007 | tu | ||
| 008 | 120905s2012 gw ||||| 00| ||ger c | ||
| 020 | |a 9783805345460 |q Gb. : EUR 98.00 (DE), EUR 100.80 (AT), sfr 121.00 (freier Pr.) |9 978-3-8053-4546-0 | ||
| 035 | |a (DE-627)144069432X | ||
| 035 | |a (DE-576)370694325 | ||
| 035 | |a (DE-599)BSZ370694325 | ||
| 035 | |a (OCoLC)812220195 | ||
| 040 | |a DE-627 |b ger |c DE-627 |e rakwb | ||
| 041 | |a ger | ||
| 044 | |c XA-DE-HE | ||
| 084 | |a 9,10 |2 ssgn | ||
| 084 | |a LK 21480 |q SEPA |2 rvk |0 (DE-625)rvk/97666: | ||
| 245 | 0 | 4 | |a Die Klosterkirche Corvey |n 1,1 |p Geschichte und Archäologie : Beilagen / Sveva Gai; Karl Heinrich Krüger; Bernd Thier |
| 264 | 1 | |a Darmstadt |b von Zabern |c 2012 | |
| 300 | |a 19 Beil. (Beil. 1-18) | ||
| 336 | |a Text |b txt |2 rdacontent | ||
| 337 | |a ohne Hilfsmittel zu benutzen |b n |2 rdamedia | ||
| 338 | |a Band |b nc |2 rdacarrier | ||
| 490 | 1 | |a Denkmalpflege und Forschung in Westfalen |v 43,1,1 | |
| 500 | |a In Schuber | ||
| 583 | 1 | |a Archivierung/Langzeitarchivierung gewährleistet |f SSG |x XA-DE-BW |2 pdager |5 DE-16 | |
| 700 | 1 | |a Gai, Sveva |4 oth | |
| 700 | 1 | |a Krüger, Karl Heinrich |0 (DE-627)1231842385 |0 (DE-576)161842380 |4 oth | |
| 700 | 1 | |a Thier, Bernd |d 1965- |0 (DE-588)1027091504 |0 (DE-627)728232766 |0 (DE-576)372465544 |4 oth | |
| 773 | 1 | 8 | |w (DE-627)1345567901 |w (DE-576)275567907 |g 1,1 |q 1,1,2 |7 nnam |
| 776 | 0 | 8 | |i Erscheint auch als |n Online-Ausgabe |a Gai, Sveva, 1961 - |t Die Klosterkirche Corvey ; 1: Geschichte und Archäologie |d Darmstadt : Verlag Phillip von Zabern, 2012 |h 1 Online-Ressource (XV, 751 Seiten) |w (DE-627)1938305655 |z 9783969294758 |
| 787 | 0 | 8 | |i Rezensiert in |a Küntzel, Thomas, 1971 - |t [Rezension von: Antonella Sveva Gai, Karl Heinrich Krüger, Bernd Thier, Die Klosterkirche Corvey, Geschichte und Archäologie] |d 2013 |w (DE-627)1745550585 |
| 830 | 0 | |a Denkmalpflege und Forschung in Westfalen |v 43,1,1 |9 43,1,1,beil |w (DE-627)129951021 |w (DE-576)015523136 |w (DE-600)402644-5 |x 0175-2839 |7 am | |
| 936 | r | v | |a LK 21480 |b Corvey |k Kunstgeschichte |k Kunst nach Ländern bzw. Kontinenten |k Deutschland |k Kunsttopografie Deutschlands |k Orte Deutschlands |k Orte C |k Corvey |0 (DE-627)1271294583 |0 (DE-625)rvk/97666: |0 (DE-576)201294583 |
| 951 | |a MV | ||
| 991 | |a Rezensiertes Werk | ||
| 999 | |a KXP-PPN144069432X |e 402088451X | ||


